• 首页
  • 本馆介绍
  • 公告通知
  • 最新文献
  • 馆藏检索
  • 电子资源
  • 读者导购
  • 参考咨询
  • 我的图书馆
  • 登录
  • 详细信息显示
  • 放入我的书架
  • 预约/预借图书
  • 作者相关作品
  • 分类相关作品
  • 丛书相关作品
  • 出版社相关作品

书目信息

  • 表格格式
  • 工作单格式
  • 卡片格式
题名:
全球教育发展的历史轨迹
    
 
作者: 赵中建主译
分册:  
出版信息: 北京   教育科学出版社  1999.12
页数: 538页
开本: 21cm
丛书名: 联合国教科文组织教育丛书
单 册:
中图分类: G513.2
科图分类:
主题词: 国际教育--大会--会议资料--1934-1996
电子资源:
ISBN: 7-5041-1980-6
000 00726nam2 2200229 450
001 1552200937
005 20150125142915.54
010    @a7-5041-1980-6@dCNY28.00
100    @a20010428d1999 km y0chiy0110 ea
101 1  @achi@ceng
102    @aCN@b110000
105    @ay z 000yy
200 1  @a全球教育发展的历史轨迹@9quan qiu jiao yu fa zhan de li shi gui ji@e国际教育大会60年建议书(1934--1996)@f赵中建主译
210    @a北京@c教育科学出版社@d1999.12
215    @a538页@d21cm
225 2  @a联合国教科文组织教育丛书
461  0 @12001 @a联合国教科文组织教育丛书
606 0  @a国际教育@x大会@x会议资料@z1934-1996
690    @aG513.2@v5
701  0 @f(1954~)@4主译
801  0 @aCN@bTSSF@c20150125
905    @aZUCC@dG513.2@eJY1
    
    全球教育发展的历史轨迹:国际教育大会60年建议书(1934--1996)/赵中建主译.-北京:教育科学出版社,1999.12
    538页;21cm.-(联合国教科文组织教育丛书)
    
    
    ISBN 7-5041-1980-6:CNY28.00
    
●
相关链接 在E读中查询图书 在五车中查询图书 在当当中查询图书 在豆瓣中查询图书


正题名:全球教育发展的历史轨迹     索取号:G513.2/JY1         预约/预借

序号 登录号 条形码 馆藏地/架位号 状态 备注
1 7861240   278612404   学院路分馆/ [索取号:G513.2/JY1] 在馆    
唐山师范学院图书馆 欢迎您!
大连网信软件有限公司© 版权所有